Best Footballer in Germany By Year - Statistics

General Stats
  • This quiz has been taken 90 times
  • The average score is 17 of 31
Answer Stats
Year Player Club % Correct
2018 Toni Kroos Real Madrid
90%
2024 Toni Kroos Real Madrid
90%
2023 İlkay Gündoğan Manchester City
87%
2011 Manuel Neuer Bayern Munich
87%
2014 Manuel Neuer Bayern Munich
87%
2012 Marco Reus Borussia Mönchengladbach
74%
2019 Marco Reus Borussia Dortmund
74%
2006 Miroslav Klose Werder Bremen
72%
2017 Philipp Lahm Bayern Munich
68%
2000 Oliver Kahn Bayern Munich
67%
2001 Oliver Kahn Bayern Munich
67%
2013 Bastian Schweinsteiger Bayern Munich
62%
2002 Michael Ballack Bayer 04 Leverkusen
60%
2003 Michael Ballack Bayern Munich
60%
2005 Michael Ballack Bayern Munich
60%
2007 Mario Gomez VfB Stuttgart
55%
1995 Matthias Sammer Borussia Dortmund
52%
1996 Matthias Sammer Borussia Dortmund
52%
2016 Jérôme Boateng Bayern Munich
51%
1999 Lothar Matthäus Bayern Munich
50%
2020 Robert Lewandowski Bayern Munich
49%
2021 Robert Lewandowski Bayern Munich
49%
2010 Arjen Robben Bayern Munich
40%
2008 Franck Ribéry Bayern Munich
40%
2015 Kevin De Bruyne VfL Wolfsburg
34%
1994 Jürgen Klinsmann AS Monaco
32%
1998 Oliver Bierhoff Udinese
32%
2022 Christopher Nkunku RB Leipzig
26%
2009 Grafite VfL Wolfsburg
26%
1997 Jürgen Kohler Borussia Dortmund
20%
2004 Aílton da Silva Werder Bremen
4%
No matching quizzes found
Score Distribution
Percent of People with Each Score
Percentile by Number Answered
Your Score History
You have not taken this quiz